[Event "DEM U12/U12w 2013"]
[Site "Oberhof GER"]
[Date "2013.05.25"]
[Round "11"]
[White "Voß, Henrike"]
[Black "Heldt, Nils-Lennart"]
[Result "0-1"]
[Termination "normal"]
[Board "36"]
[WhiteElo "1063"]
[BlackElo "1499"]
[PlyCount "54"]
[WhiteFideId "12971910"]
[BlackFideId "12952109"]
[EventCountry "GER"]
[EventRounds "11"]
[EventType "swiss"]
[EventDate "2013.05.18"]

1. e4 e5 2. Nf3 Nc6 3. Bc4 Bc5 4. b4 Bb6 5. a4 a6 6. a5 Ba7 7. c3 Nf6 8. Ng5
O-O 9. Qb3 Qe7 10. d3 h6 11. Nxf7 Rxf7 12. Bxf7+ Qxf7 13. Qxf7+ Kxf7 14. h3 d5
15. Nd2 d4 16. Bb2 Nh5 17. g3 Be6 18. Ra4 dxc3 19. Bxc3 Rd8 20. Nf3 Rxd3 21.
Nxe5+ Nxe5 22. Bxe5 Rb3 23. Ke2 Bc4+ 24. Kd2 Bxf2 25. Rc1 Be3+ 26. Kc2 Bxc1 27.
Kxc1 Bb5 0-1

[Event "DEM U12/U12w 2013"]
[Site "Oberhof GER"]
[Date "2013.05.25"]
[Round "11"]
[White "Fesselier, Chelsea"]
[Black "Schumacher, Ole"]
[Result "0-1"]
[Termination "normal"]
[Board "37"]
[WhiteElo "1416"]
[BlackElo "1120"]
[PlyCount "112"]
[WhiteFideId "26024624"]
[BlackFideId "12971898"]
[EventCountry "GER"]
[EventRounds "11"]
[EventType "swiss"]
[EventDate "2013.05.18"]

1. e4 e6 2. d4 d5 3. exd5 exd5 4. Nf3 Nf6 5. Nc3 Bb4 6. Bd2 O-O 7. Be2 Bg4 8.
O-O Nc6 9. a3 Ba5 10. h3 Bh5 11. Be3 Bb6 12. Qd2 Re8 13. Rfe1 Qd7 14. Qd1 Bg6
15. Bb5 Qd6 16. Ne5 Re7 17. Nxg6 hxg6 18. Bxc6 Qxc6 19. Qd2 Rae8 20. Bg5 Rxe1+
21. Rxe1 Rxe1+ 22. Qxe1 Bxd4 23. Bd2 Ne4 24. Nxe4 dxe4 25. c3 Bf6 26. Be3 a6
27. Qd2 Kf8 28. b4 Qxc3 29. Bc5+ Ke8 30. Qe2 Qd3 31. Qg4 b6 32. Be3 Be5 33. Bf4
Bxf4 34. Qxf4 Qd1+ 35. Kh2 Qd6 36. Kg3 Qxf4+ 37. Kxf4 f5 38. Ke5 Ke7 39. h4 Kd7
40. Kd5 c6+ 41. Ke5 Kc7 42. g3 c5 43. bxc5 bxc5 44. Kd5 Kb6 45. Kc4 Ka5 46. Kb3
c4+ 47. Kb2 Ka4 48. Ka2 c3 49. Kb1 Kxa3 50. Kc2 Kb4 51. h5 gxh5 52. g4 hxg4 53.
f3 exf3 54. Kb1 f2 55. Ka2 a5 56. Ka1 f1=Q+ 0-1

[Event "DEM U12/U12w 2013"]
[Site "Oberhof GER"]
[Date "2013.05.25"]
[Round "11"]
[White "von Jan, Lena"]
[Black "Groth, Kevin"]
[Result "0-1"]
[Termination "normal"]
[Board "39"]
[WhiteElo "1285"]
[BlackElo "1399"]
[PlyCount "72"]
[WhiteFideId "12946060"]
[BlackFideId "12971804"]
[EventCountry "GER"]
[EventRounds "11"]
[EventType "swiss"]
[EventDate "2013.05.18"]

1. e4 e5 2. Nf3 Nc6 3. Bb5 Bc5 4. d3 d6 5. c3 Bd7 6. Nbd2 Nf6 7. O-O a6 8. Ba4
Qe7 9. b4 Ba7 10. Bb3 O-O 11. h3 Rfd8 12. Re1 h6 13. Nf1 Rac8 14. Ng3 b5 15. a3
Nb8 16. d4 exd4 17. cxd4 Re8 18. Bb2 Bc6 19. Bc2 Bb7 20. Bc3 Nbd7 21. Qd2 Qd8
22. d5 c6 23. dxc6 Rxc6 24. e5 dxe5 25. Nxe5 Nxe5 26. Qxd8 Rxd8 27. Bxe5 Rxc2
28. Bxf6 Bxf2+ 29. Kh2 Bxe1 30. Bxd8 Rxg2+ 31. Kh1 Rxg3+ 32. Kh2 Rg2+ 33. Kh1
Ra2+ 34. Kg1 Rxa1 35. Kf1 Bf3 36. Kg1 Bg3# 0-1

[Event "DEM U12/U12w 2013"]
[Site "Oberhof GER"]
[Date "2013.05.25"]
[Round "11"]
[White "Flach, Helene"]
[Black "Schmidt, Sarah"]
[Result "1-0"]
[Termination "normal"]
[Board "40"]
[WhiteElo "1272"]
[BlackElo "1194"]
[PlyCount "101"]
[WhiteFideId "12929735"]
[BlackFideId "12965480"]
[EventCountry "GER"]
[EventRounds "11"]
[EventType "swiss"]
[EventDate "2013.05.18"]

1. e4 d5 2. exd5 Qxd5 3. Nc3 Qd6 4. d4 c6 5. Nf3 Nf6 6. Bc4 g6 7. O-O Bg7 8.
Re1 O-O 9. h3 Bf5 10. Bg5 Nbd7 11. Nh4 Be6 12. Bxe6 fxe6 13. Nf3 Rae8 14. Qe2
Nd5 15. Qxe6+ Qxe6 16. Rxe6 Nxc3 17. bxc3 Bf6 18. Bh6 Rf7 19. Ng5 Bxg5 20. Bxg5
c5 21. Rb1 b6 22. Rc6 e6 23. Re1 Rf5 24. Bd2 Nf8 25. g4 Rd5 26. Be3 Nd7 27. c4
Rxd4 28. Bxd4 cxd4 29. Rcxe6 Rxe6 30. Rxe6 Nc5 31. Rd6 Na4 32. Rxd4 Nc3 33. Rd7
Nxa2 34. Rxa7 Nb4 35. Rb7 Nxc2 36. Rxb6 Nd4 37. c5 Kf8 38. Rd6 Nb5 39. Rd2 Ke7
40. c6 Ke8 41. Kg2 Ke7 42. Kg3 h6 43. Kf4 Ke6 44. h4 Nc7 45. Rd7 Ne8 46. Rh7
Kd6 47. Rxh6 Kxc6 48. Rxg6+ Kd7 49. h5 Ke7 50. Kg5 Kf7 51. h6 1-0

[Event "DEM U12/U12w 2013"]
[Site "Oberhof GER"]
[Date "2013.05.25"]
[Round "11"]
[White "Bureik, Nicolas"]
[Black "Walow, Xenia"]
[Result "1/2-1/2"]
[Termination "normal"]
[Board "41"]
[WhiteElo "1183"]
[BlackElo "1271"]
[PlyCount "91"]
[WhiteFideId "12971863"]
[BlackFideId "12971839"]
[EventCountry "GER"]
[EventRounds "11"]
[EventType "swiss"]
[EventDate "2013.05.18"]

1. d4 Nf6 2. Nf3 g6 3. g3 Bg7 4. Bg2 O-O 5. O-O d6 6. c4 Bf5 7. Nc3 Qd7 8. Re1
Nc6 9. Be3 Rfe8 10. a3 Na5 11. Nd2 Rab8 12. b4 Nc6 13. d5 Ne5 14. Bxa7 Ra8 15.
Bd4 Bh3 16. Bh1 Neg4 17. Nf3 Nh6 18. e4 c6 19. Qd3 cxd5 20. cxd5 e6 21. Ng5
exd5 22. Nxd5 Nxd5 23. exd5 Bf5 24. Rxe8+ Rxe8 25. Be4 Bxe4 26. Nxe4 Bxd4 27.
Qxd4 Ng4 28. h3 f5 29. Nf6+ Nxf6 30. Qxf6 Rf8 31. Qc3 Kf7 32. Re1 Re8 33. f4
Rxe1+ 34. Qxe1 b5 35. Qe3 h6 36. Kf2 Qc7 37. Qd3 Qa7+ 38. Qe3 Qc7 39. Qd3 Qa7+
40. Kf1 Qb6 41. Kg2 Qb7 42. Kf3 Qd7 43. h4 h5 44. Qd4 Qb7 45. Ke3 Qa8 46. Kd3
1/2-1/2

[Event "DEM U12/U12w 2013"]
[Site "Oberhof GER"]
[Date "2013.05.25"]
[Round "11"]
[White "Schulze, Nick"]
[Black "Watzlawik, Lee David"]
[Result "1/2-1/2"]
[Termination "normal"]
[Board "42"]
[WhiteElo "1257"]
[BlackElo "1170"]
[PlyCount "42"]
[WhiteFideId "12971847"]
[BlackFideId "1270474"]
[EventCountry "GER"]
[EventRounds "11"]
[EventType "swiss"]
[EventDate "2013.05.18"]

1. d4 e6 2. Nf3 d5 3. e3 c5 4. c3 Nf6 5. Bd3 Nc6 6. Nbd2 cxd4 7. exd4 Bd6 8.
O-O O-O 9. Qe2 Re8 10. Re1 Bc7 11. Ne5 Nxe5 12. dxe5 Nd7 13. f4 f6 14. Nf3 Nc5
15. Bc2 Bb6 16. Kh1 Bd7 17. b4 Na6 18. Bb2 f5 19. Qd3 Rf8 20. a3 Qe8 21. h3 Rc8
1/2-1/2

[Event "DEM U12/U12w 2013"]
[Site "Oberhof GER"]
[Date "2013.05.25"]
[Round "11"]
[White "Reif, Karla"]
[Black "Merker, Vivien"]
[Result "0-1"]
[Termination "normal"]
[Board "43"]
[WhiteElo "1165"]
[BlackElo "1255"]
[PlyCount "60"]
[WhiteFideId "12971871"]
[BlackFideId "12927260"]
[EventCountry "GER"]
[EventRounds "11"]
[EventType "swiss"]
[EventDate "2013.05.18"]

1. e4 c5 2. Nf3 Nc6 3. Nc3 d6 4. g3 g6 5. Bg2 Bg7 6. O-O Nf6 7. h3 O-O 8. d3
Bd7 9. Be3 e5 10. Qd2 Nh5 11. Bh6 Qc8 12. Kh2 Nd4 13. Nxd4 cxd4 14. Bxg7 dxc3
15. Qh6 Nxg7 16. b3 Bc6 17. f4 Qe6 18. f5 gxf5 19. exf5 Qxh6 20. Bxc6 bxc6 21.
f6 Nh5 22. Rf5 Nxf6 23. Rg1 e4 24. g4 Kh8 25. g5 Qh5 26. Rxf6 exd3 27. cxd3
Rae8 28. Rc1 Re2+ 29. Kg1 Qxg5+ 30. Kf1 Qg2# 0-1

[Event "DEM U12/U12w 2013"]
[Site "Oberhof GER"]
[Date "2013.05.25"]
[Round "11"]
[White "Grey, Andrea"]
[Black "Böse, Carolin"]
[Result "0-1"]
[Termination "normal"]
[Board "44"]
[WhiteElo "1157"]
[BlackElo "1263"]
[PlyCount "46"]
[WhiteFideId "12971880"]
[BlackFideId "12929646"]
[EventCountry "GER"]
[EventRounds "11"]
[EventType "swiss"]
[EventDate "2013.05.18"]

1. Nf3 d5 2. d4 e6 3. b3 c5 4. e3 Nc6 5. a3 Nf6 6. Bb2 b6 7. c4 Bb7 8. Bd3 Be7
9. O-O Qc7 10. Nc3 a6 11. Qc2 Rd8 12. Ne2 dxc4 13. bxc4 Bd6 14. Nd2 Bxh2+ 15.
Kh1 Bd6 16. Rab1 cxd4 17. exd4 Qe7 18. Qb3 Ne4 19. Bxe4 f5 20. Bc2 Nxd4 21.
Nxd4 Qh4+ 22. Qh3 Qxh3+ 23. Kg1 Qh2# 0-1

[Event "DEM U12/U12w 2013"]
[Site "Oberhof GER"]
[Date "2013.05.25"]
[Round "11"]
[White "Bürmann, Theresia"]
[Black "Wong, Kar Yan"]
[Result "1/2-1/2"]
[Termination "normal"]
[Board "45"]
[WhiteElo "1187"]
[BlackElo "1189"]
[PlyCount "47"]
[WhiteFideId "12960241"]
[BlackFideId "12971855"]
[EventCountry "GER"]
[EventRounds "11"]
[EventType "swiss"]
[EventDate "2013.05.18"]

1. e4 e6 2. d4 d5 3. exd5 exd5 4. Qf3 Bd6 5. Bd3 c6 6. Ne2 Qf6 7. Bf4 Bxf4 8.
Qxf4 Qxf4 9. Nxf4 Nf6 10. O-O O-O 11. Re1 Nbd7 12. c3 c5 13. Nd2 b6 14. Nf3 Bb7
15. h3 Ne4 16. Ne5 Nxe5 17. dxe5 c4 18. Bc2 Rfe8 19. f3 Nc5 20. Rad1 Rad8 21.
h4 Ne6 22. Nh3 b5 23. f4 d4 24. f5 1/2-1/2

[Event "DEM U12/U12w 2013"]
[Site "Oberhof GER"]
[Date "2013.05.25"]
[Round "11"]
[White "Reitz, Theresa"]
[Black "Weiten, Teresa"]
[Result "0-1"]
[Termination "normal"]
[Board "46"]
[WhiteElo "1113"]
[BlackElo "995"]
[PlyCount "46"]
[WhiteFideId "12971901"]
[BlackFideId "12971944"]
[EventCountry "GER"]
[EventRounds "11"]
[EventType "swiss"]
[EventDate "2013.05.18"]

1. e4 e5 2. Nf3 Nc6 3. Bb5 a6 4. Ba4 b5 5. Bb3 Nf6 6. d3 Bc5 7. c3 Bb7 8. O-O
d5 9. Nbd2 dxe4 10. dxe4 O-O 11. h3 Qd6 12. Qe2 Nh5 13. Nh2 Qg6 14. Qf3 Nf4 15.
Ng4 Qg5 16. Rd1 Rad8 17. Bc2 b4 18. cxb4 Bxb4 19. a3 Nd4 20. Qe3 Nxc2 21. Qb3
Nxa1 22. Qxb4 Bc8 23. g3 Nxh3+ 0-1

[Event "DEM U12/U12w 2013"]
[Site "Oberhof GER"]
[Date "2013.05.25"]
[Round "11"]
[White "Schubert, Lea Sophie"]
[Black "Hofmann, Jana"]
[Result "1/2-1/2"]
[Termination "normal"]
[Board "47"]
[WhiteElo "816"]
[BlackElo "970"]
[PlyCount "79"]
[BlackFideId "12971952"]
[EventCountry "GER"]
[EventRounds "11"]
[EventType "swiss"]
[EventDate "2013.05.18"]

1. e4 e5 2. Nf3 Nc6 3. Bc4 Nf6 4. Ng5 d5 5. exd5 Na5 6. Bb5+ c6 7. dxc6 bxc6 8.
Ba4 h6 9. Nf3 e4 10. Ne5 Qd6 11. d4 Bb7 12. c3 Qd5 13. O-O Bd6 14. Bf4 O-O 15.
Bb3 Nxb3 16. Qxb3 Qxb3 17. axb3 Nh5 18. Bg3 Nxg3 19. fxg3 f6 20. Nd7 Rfd8 21.
Nc5 Bxc5 22. dxc5 e3 23. b4 e2 24. Re1 Rd1 25. Kf2 Rxe1 26. Kxe1 Re8 27. Rxa7
Bc8 28. Ra8 Kf8 29. Ra7 Bg4 30. h3 Bf5 31. Nd2 Re3 32. g4 Bd3 33. Rc7 Rg3 34.
Nf3 Rxg2 35. Kd2 Be4 36. Ne1 Rh2 37. Rc8+ Kf7 38. Rc7+ Kg6 39. Re7 f5 40. gxf5+
1/2-1/2